| 000 | 00919nam a2200277 a 4500 | ||
|---|---|---|---|
| 001 | 21212 | ||
| 003 | BD-RjUL | ||
| 005 | 20240206153610.0 | ||
| 008 | 140303t19511906e |||||s|||||||0 ||||| d | ||
| 035 | _a(BD-RjUL)21212 | ||
| 040 |
_aWaSeSS _cWaSeSS _dWaSeSS _dBD-RjUL _beng |
||
| 041 | _aeng | ||
| 082 | 0 | 4 |
_a823 _bSCO 1951 |
| 100 | 1 |
_aScott, Walter, Sir. _965574 |
|
| 245 | 1 | 0 |
_aOld Mortality / _cScott, Walter, Sir. |
| 260 |
_aLondon : _bDent & sons, _c1906 [reprinted 1919,1951]. |
||
| 300 |
_a454 p. ; _c21 cm. |
||
| 500 | _aTitle from content provider. | ||
| 506 | _aLicense restrictions may limit access. | ||
| 650 | 1 |
_a Covenanters -- Fiction. _965575 |
|
| 700 | 1 |
_aScott, Sir Walter. _911510 |
|
| 700 | 1 | _aScott, Walter. | |
| 773 | 0 | _tLiterature Online (LION) | |
| 856 | 4 | 0 |
_uhttp://www.columbia.edu/cgi-bin/cul/resolve?clio10136742 _zFull text available from Literature Online (LION) |
| 942 |
_2ddc _cBK |
||
| 999 |
_c21212 _d21212 |
||